Science Quiz

Random Science or Animal Quiz

Birds of North America 2 Quiz Stats

Quiz not verified by Sporcle

Also try: Click a Crustacean
Challenge
Share
Tweet
Score 0/22 Timer 10:00
1 Play Today
% Correct
magnificent hummingbird
95.8%
American goldfinch
94.9%
roseate spoonbill
94.7%
red-winged blackbird
92.6%
greater prairie chicken
91.3%
mountain bluebird
87%
white-crowned
parrot
85.5%
black-footed
albatross
83.4%
yellow-headed
amazon
82%
cactus wren
79.7%
shiny cowbird
74.7%
% Correct
Carolina chickadee
74.2%
bare-throated
tiger heron
71.9%
vermilion flycatcher
68.7%
American coot
67.9%
Steller's eider
67.8%
northern flicker
65.7%
northern ja├žana
64.8%
American avocet
64.1%
purple finch
60.8%
lazuli bunting
56.7%
elegant trogon
54%

You're not logged in!

Compare scores with friends on all Sporcle quizzes.
Sign Up with Email
OR
Log In

You Might Also Like...

Show Comments

Extras

Top Quizzes Today


Score Distribution

Your Account Isn't Verified!

In order to create a playlist on Sporcle, you need to verify the email address you used during registration. Go to your Sporcle Settings to finish the process.